An analysis of a germanium diode detector circuit.

Bibliographic Details
Main Author: Jones, Ray LaVon
Format: Thesis eBook
Language:English
Published: [College Station, Tex.], [publisher not identified] ; 1956.
Subjects:
Online Access:Link to OAKTrust copy

MARC

Tag First Indicator Second Indicator Subfields
LEADER 00000cam a22000005 4500
001 in00000154718
005 20220103134515.0
007 cr unu a
008 800205s1956 txua 00000 eng d
035 |9 AAS1411AM 
035 |a (OCoLC)05952342 
040 |c TXA  |d UtOrBLW 
049 |a TXAZ [Cop.1 in] [Archives]  |c 1 [279191]  |c 2 [279192] 
099 |a 1956  |a Thesis  |a J78 
100 1 |a Jones, Ray LaVon. 
245 1 3 |a An analysis of a germanium diode detector circuit. 
264 1 |a [College Station, Tex.],  |b [publisher not identified] ;  |c 1956. 
300 |a 45 :  |b illustrations 
336 |a text  |b txt  |2 rdacontent 
337 |a computer  |b c  |2 rdamedia 
338 |a online resource  |b cr  |2 rdacarrier 
500 |a Ozalid process. 
502 |b M.S. in Electrical Engineering  |c A. & M. College of Texas. 
530 |a Also available online. 
650 4 |a Major electrical engineering. 
856 4 1 |u https://hdl.handle.net/1969.1/ETD-TAMU-1956-THESIS-J78  |z Link to OAKTrust copy  |t 0 
999 |a MARS 
999 f f |s 5019b3d3-5775-3fac-bd07-f273443a615c  |i c57c8dda-af63-3dbc-a5ed-d9b123add805  |t 0 
952 f f |p noncirc  |a Texas A&M University  |b J.J. Pickle Campus  |c High Density Repository  |s HDR  |d Remote Storage  |t 0  |e 1956 Thesis J78  |h Other scheme  |i computer -- online resource  |m A14840882334 
952 f f |a Texas A&M University  |b College Station  |c Electronic Resources  |s www_evans  |d Available Online  |t 0  |e 1956 Thesis J78  |h Other scheme 
998 f f |a 1956 Thesis J78  |t 0  |l Available Online 
998 f f |a 1956 Thesis J78  |t 0  |l Remote Storage